| 000 | 00606nam a2200193 a 4500 | ||
|---|---|---|---|
| 005 | 20210223124435.0 | ||
| 008 | 011011s1999 mx r 000 0 spa d | ||
| 020 | _a9706134786 | ||
| 035 | _aUPN01000112924 | ||
| 049 | _aCG | ||
| 050 | 4 |
_aF2161 _bC7.2 |
|
| 100 | 1 |
_aCruz Barney, Oscar, _d1970- _938163 |
|
| 245 | 1 | 3 |
_aEl combate a la piratería en Indias : _b1555-1700 / _cOscar Cruz Barney. |
| 260 |
_aMéxico : _bUniversidad Iberoamericana : _bOxford University, _c1999. |
||
| 300 | _a61 p. | ||
| 440 | 0 | _aEstudios monográficos | |
| 650 | 4 |
_aPIRATAS - _zNUEVA ESPAÑA - _xHISTORIA _917186 |
|
| 905 | _aLibro | ||
| 999 |
_c86832 _d86832 |
||